Humor idiota /
Guardado en:
| Autor Principal: | |
|---|---|
| Formato: | Libro |
| Publicado: |
Buenos :
pequeño editor,
2008
|
| Series: | Colección Cuadriños
|
| Materias: | |
| Etiquetas: |
Agregar Etiqueta
Sin Etiquetas, Sea el primero en etiquetar este registro!
|
| LEADER | 00596nam a22002175a 4500 | ||
|---|---|---|---|
| 001 | CEM.cems015045 | ||
| 005 | 20190910124836.0 | ||
| 008 | 130507s2008##################000#0#####d | ||
| 003 | CEMS | ||
| 020 | |a 9789871374397 | ||
| 082 | 0 | 4 | |a A867.4 |
| 100 | 1 | |a Cachimba, Max | |
| 245 | 1 | 0 | |a Humor idiota / |c Max Cachimba |
| 260 | |a Buenos : |b pequeño editor, |c 2008 | ||
| 300 | |a 20 p. | ||
| 490 | 0 | |a Colección Cuadriños | |
| 500 | |a Arte: Diego Bianki Diseño: Eduardo Davit | ||
| 653 | |a Humor | ||
| 653 | |a Comic | ||
| 653 | |a Historieta | ||
| 859 | |a CEMS |b BIB. CEMS - 11 de abril |h A867.4 |i C112 |p 27744.19 |t Ej.1 | ||
